[Event "KOS CupT"]
[Site "Pristina"]
[Date "2017.11.18"]
[Round "2.1"]
[White "Koshi, Lulezim"]
[Black "Selimi, Shaip"]
[Result "1-0"]
[WhiteElo "2172"]
[BlackElo "1733"]
[PlyCount "63"]
[EventDate "2017.11.11"]
[EventType "team-tourn"]
[EventRounds "7"]
[EventCountry "KOS"]
[SourceTitle "EXT 2019"]
[Source "ChessBase"]
[SourceDate "2018.10.10"]
[SourceVersion "1"]
[SourceVersionDate "2018.10.10"]
[SourceQuality "1"]
[WhiteTeam "Vellaznimi"]
[BlackTeam "Kosovo"]
[WhiteTeamCountry "KOS"]
[BlackTeamCountry "KOS"]

1. e4 c6 2. d4 d5 3. exd5 cxd5 4. Nf3 Nf6 5. Bd3 Nc6 6. c3 Bg4 7. 0-0 e6 8. h3 Bh5 9. Nbd2 Be7 10. Re1 Bg6 11. Bxg6 hxg6 12. Ne5 Nxe5 13. Rxe5 Bd6 14. Qa4+ Kf8 15. Re2 g5 16. f3 Nh5 17. Nf1 a6 18. Qb3 Rb8 19. Bd2 Nf4 20. Bxf4 gxf4 21. Nh2 Qh4 22. Qb6 Qe7 23. Rae1 Bc7 24. Qb3 b5 25. Qxd5 g6 26. Ng4 Kg7 27. Qb3 a5 28. Qc2 Qd7 29. Ne5 Qd5 30. Nxg6 fxg6 31. Rxe6 Qf5 32. Re7+ 1-0